[Event "Biel Blitz op 58th"]
[Site "Biel"]
[Date "2025.07.20"]
[Round "4"]
[White "Kobalia, Mihail"]
[Black "Chen, Zhi"]
[Result "1-0"]
[WhiteElo "2474"]
[BlackElo "1954"]
[PlyCount "121"]
[EventDate "2025.07.20"]
[EventType "swiss (blitz)"]
[EventRounds "13"]
[EventCountry "SUI"]
[SourceTitle "CB30_2025"]
[SourceDate "2025.07.23"]
[SourceVersion "1"]
[SourceVersionDate "2025.07.23"]
[SourceQuality "1"]

1. e4 e5 2. Nf3 Nc6 3. Bb5 a6 4. Ba4 Be7 5. 0-0 Nf6 6. d3 b5 7. Bb3 d6 8. a3 0-0 9. Nc3 Bg4 10. Be3 Nd4 11. Bxd4 exd4 12. Nd5 Nxd5 13. Bxd5 Rb8 14. h3 Bxf3 15. Qxf3 Qd7 16. Qg3 c6 17. Bb3 c5 18. a4 Rbc8 19. axb5 axb5 20. Bd5 Rc7 21. Ra6 c4 22. Rfa1 g6 23. Qf4 Kg7 24. Ra8 f5 25. Rxf8 Bxf8 26. exf5 Qxf5 27. Qxd4+ Qe5 28. Qxe5+ dxe5 29. dxc4 bxc4 30. c3 Rd7 31. Bxc4 Rd2 32. b4 Rc2 33. Ra7+ Kh6 34. Ra3 e4 35. Rb3 Bd6 36. Bf1 Be5 37. b5 Rxc3 38. Rb4 e3 39. fxe3 Rxe3 40. b6 Bd6 41. b7 Re8 42. Rc4 Rb8 43. Rc6 Be5 44. Ba6 Kg5 45. Rc8 h5 46. Kf2 Kf6 47. Ke3 Ke6 48. Ke4 Bd6 49. Kd4 g5 50. Kc4 g4 51. hxg4 hxg4 52. Kb5 Bf4 53. Kb6 Be3+ 54. Kc6 Bf4 55. Bc4+ Ke7 56. Be2 g3 57. Bf3 Be5 58. Kb6 Bd4+ 59. Kb5 Be5 60. Ka6 Kd7 61. Ka7 1-0

[Event "Biel Blitz op 58th"]
[Site "Biel"]
[Date "2025.07.20"]
[Round "11"]
[White "Kobalia, Mihail"]
[Black "Sanket, Chakravarty"]
[Result "1-0"]
[WhiteElo "2474"]
[BlackElo "2300"]
[PlyCount "67"]
[EventDate "2025.07.20"]
[EventType "swiss (blitz)"]
[EventRounds "13"]
[EventCountry "SUI"]
[SourceTitle "CB30_2025"]
[SourceDate "2025.07.23"]
[SourceVersion "1"]
[SourceVersionDate "2025.07.23"]
[SourceQuality "1"]

1. e4 c5 2. Nf3 e6 3. g3 Nc6 4. Bg2 Nf6 5. Qe2 e5 6. 0-0 Be7 7. Nc3 0-0 8. d3 h6 9. Nd5 Re8 10. c3 d6 11. a4 Be6 12. Nd2 Bf8 13. Nc4 Rb8 14. h3 Bxd5 15. exd5 Ne7 16. Ne3 g6 17. Kh2 Bg7 18. Bd2 a6 19. a5 Nd7 20. c4 f5 21. Bc3 Nf6 22. f4 e4 23. dxe4 Nxe4 24. Bxe4 fxe4 25. g4 Kh7 26. f5 Bxc3 27. bxc3 gxf5 28. gxf5 Ng8 29. Qh5 Qf6 30. Ng4 Qxc3 31. Qg6+ Kh8 32. f6 Qd2+ 33. Rf2 Qd4 34. Qg7# 1-0

[Event "Biel Rapid op 58th"]
[Site "Biel"]
[Date "2025.07.13"]
[Round "3"]
[White "Schweizer, Simon"]
[Black "Kobalia, Mihail"]
[Result "0-1"]
[WhiteElo "2170"]
[BlackElo "2531"]
[PlyCount "80"]
[EventDate "2025.07.13"]
[EventType "swiss (rapid)"]
[EventRounds "9"]
[EventCountry "SUI"]
[SourceTitle "CB29_2025"]
[SourceDate "2025.07.16"]
[SourceVersion "1"]
[SourceVersionDate "2025.07.16"]
[SourceQuality "1"]

1. e4 c5 2. Nf3 e6 3. d4 cxd4 4. Nxd4 Nc6 5. Nc3 a6 6. g3 d6 7. Bg2 Bd7 8. 0-0 Be7 9. Nde2 Nf6 10. a4 Rc8 11. b3 0-0 12. Ba3 Qc7 13. Qd2 Rfd8 14. Rfd1 Be8 15. h3 h6 16. f4 d5 17. exd5 Bxa3 18. Rxa3 exd5 19. Re1 Ne4 20. Nxe4 dxe4 21. Qe3 Nb4 22. Bxe4 Nxc2 23. Bxc2 Qxc2 24. b4 Bxa4 25. Nd4 Qb2 26. Rxa4 Rxd4 27. Ra3 Rd2 28. Rb3 Qc2 29. b5 axb5 30. h4 b4 31. Rxb4 Rc3 32. Qe8+ Kh7 33. Qe4+ Qxe4 34. Rbxe4 Rxg3+ 35. Kh1 Rh3+ 36. Kg1 Rxh4 37. Rb4 Rg4+ 38. Kh1 Rd5 39. Re2 b5 40. Reb2 Rf5 0-1

[Event "Titled Tuesday intern op 03rd Jan Late"]
[Site "Chess.com INT"]
[Date "2025.06.03"]
[Round "6"]
[White "Hadzovic, Amir"]
[Black "Kobalia, Mihail"]
[Result "0-1"]
[WhiteElo "2354"]
[BlackElo "2538"]
[PlyCount "62"]
[EventDate "2025.06.03"]
[EventType "swiss (blitz)"]
[EventRounds "11"]
[EventCountry "USA"]
[SourceTitle "CB24_2025"]
[SourceDate "2025.06.11"]
[SourceVersion "1"]
[SourceVersionDate "2025.06.11"]
[SourceQuality "1"]

1. e4 b6 2. Nc3 Bb7 3. Bc4 e6 4. d3 d5 5. Bb3 Nf6 6. f3 c5 7. Nge2 Bd6 8. 0-0 Qc7 9. g3 0-0 10. Bg5 Nbd7 11. Bf4 Bxf4 12. Nxf4 c4 13. Ba4 Ne5 14. d4 Nxf3+ 15. Qxf3 dxe4 16. Qe2 a6 17. Nh5 Nxh5 18. Qxh5 f5 19. Qe2 Rab8 20. b3 cxb3 21. Bxb3 Qxc3 22. Bxe6+ Kh8 23. Rad1 Rbd8 24. d5 Qe5 25. c4 b5 26. cxb5 Bxd5 27. Bxd5 Rxd5 28. Rxd5 Qxd5 29. bxa6 Ra8 30. Rd1 Qa5 31. Rd6 Qc5+ 0-1

[Event "Titled Tuesday intern op 03rd Jan Late"]
[Site "Chess.com INT"]
[Date "2025.06.03"]
[Round "10"]
[White "Kobalia, Mihail"]
[Black "Asish, Panda"]
[Result "1-0"]
[WhiteElo "2538"]
[BlackElo "1911"]
[PlyCount "149"]
[EventDate "2025.06.03"]
[EventType "swiss (blitz)"]
[EventRounds "11"]
[EventCountry "USA"]
[SourceTitle "CB24_2025"]
[SourceDate "2025.06.11"]
[SourceVersion "1"]
[SourceVersionDate "2025.06.11"]
[SourceQuality "1"]

1. Nf3 d5 2. e3 Nf6 3. c4 e6 4. b3 Be7 5. Bb2 0-0 6. Be2 b6 7. 0-0 Bb7 8. d4 Nbd7 9. Nc3 Ne4 10. Nxe4 dxe4 11. Nd2 f5 12. a3 c5 13. b4 cxd4 14. Bxd4 Bf6 15. Nb3 Rc8 16. Rc1 e5 17. Ba1 f4 18. Bg4 Rc7 19. c5 bxc5 20. Na5 Ba6 21. Qb3+ c4 22. Nxc4 Kh8 23. Rfd1 Qe7 24. b5 Nc5 25. Qb4 Bc8 26. Bxc8 Rfxc8 27. Nd6 Rd8 28. Nxe4 Nxe4 29. Qxe4 Rxc1 30. Rxc1 Qxa3 31. Rf1 fxe3 32. fxe3 Qd3 33. Qxd3 Rxd3 34. Bxe5 Rxe3 35. Bxf6 gxf6 36. Rxf6 Rb3 37. Rf5 Rb2 38. h4 Kg7 39. Kh2 h6 40. Kh3 Rb3+ 41. g3 Rb4 42. h5 Rb3 43. Kg4 Rb4+ 44. Kf3 Rb3+ 45. Kf4 Rb4+ 46. Ke3 Rb3+ 47. Kf4 Rb4+ 48. Kf3 Rb3+ 49. Kg4 Rb4+ 50. Kh3 Rb3 51. Rc5 Rb4 52. Kg2 Rb2+ 53. Kf3 Rb3+ 54. Kf4 Rb4+ 55. Kf5 Rb3 56. Rc7+ Kg8 57. Rb7 Rxg3 58. Ke6 Rg5 59. Kd6 Rxh5 60. Kc6 Rg5 61. Rxa7 Rg6+ 62. Kc5 Rg5+ 63. Kb4 Rg4+ 64. Ka5 Rg5 65. Ka6 h5 66. b6 Rg1 67. Rd7 Ra1+ 68. Kb5 Rb1+ 69. Kc6 Kf8 70. b7 Ke8 71. Rh7 Kd8 72. Rh8+ Ke7 73. b8Q Rxb8 74. Rxb8 Ke6 75. Rh8 1-0

[Event "Titled Tuesday intern op 03rd Jan Late"]
[Site "Chess.com INT"]
[Date "2025.06.03"]
[Round "4"]
[White "Kobalia, Mihail"]
[Black "Jasinski, Alexander"]
[Result "1-0"]
[WhiteElo "2538"]
[BlackElo "1964"]
[PlyCount "85"]
[EventDate "2025.06.03"]
[EventType "swiss (blitz)"]
[EventRounds "11"]
[EventCountry "USA"]
[SourceTitle "CB24_2025"]
[SourceDate "2025.06.11"]
[SourceVersion "1"]
[SourceVersionDate "2025.06.11"]
[SourceQuality "1"]

1. Nf3 Nf6 2. e3 g6 3. b3 Bg7 4. Bb2 0-0 5. c4 d6 6. Be2 c5 7. 0-0 Nc6 8. d4 cxd4 9. Nxd4 Bd7 10. Nd2 a6 11. Rc1 Rc8 12. Bf3 Qa5 13. a3 Qc7 14. b4 Ne5 15. Be2 b6 16. Qb3 h5 17. h3 Nc6 18. Rfd1 e5 19. N4f3 Be6 20. Ng5 Nd8 21. Nxe6 Nxe6 22. Nb1 Qe7 23. Nc3 Rfd8 24. Nd5 Qa7 25. Bf3 Nxd5 26. cxd5 Ng5 27. Be2 b5 28. Rc6 Rc7 29. Rdc1 Rdc8 30. a4 Qb7 31. axb5 axb5 32. Bxb5 Ne4 33. Qc4 Rxc6 34. dxc6 Qb6 35. c7 Nd2 36. Qc6 Qa7 37. Qd7 Qb7 38. Qd8+ Kh7 39. Bd7 Rxd8 40. cxd8Q Qxb4 41. Bc3 Qa3 42. Bxd2 Qd3 43. Qa5 1-0

[Event "Titled Tuesday intern op 03rd Jan Late"]
[Site "Chess.com INT"]
[Date "2025.06.03"]
[Round "3"]
[White "Panin, Mikhail"]
[Black "Kobalia, Mihail"]
[Result "1-0"]
[WhiteElo "2262"]
[BlackElo "2538"]
[PlyCount "43"]
[EventDate "2025.06.03"]
[EventType "swiss (blitz)"]
[EventRounds "11"]
[EventCountry "USA"]
[SourceTitle "CB24_2025"]
[SourceDate "2025.06.11"]
[SourceVersion "1"]
[SourceVersionDate "2025.06.11"]
[SourceQuality "1"]

1. Nf3 g6 2. e4 Bg7 3. d4 d6 4. Be2 a6 5. c4 Nd7 6. Nc3 e5 7. 0-0 Ne7 8. Be3 0-0 9. Qd2 f5 10. Bh6 f4 11. Bxg7 Kxg7 12. dxe5 dxe5 13. Rfd1 Nc6 14. Nd5 g5 15. h3 h5 16. Nh2 g4 17. hxg4 hxg4 18. Bxg4 Rh8 19. Nxf4 Qh4 20. Ne6+ Kf6 21. Bh3 Nc5 22. Ng4+ 1-0

[Event "FRA-chT Top 16 GpA"]
[Site "Belfort"]
[Date "2025.05.23"]
[Round "2.4"]
[White "Robert, Mathias"]
[Black "Kobalia, Mihail"]
[Result "0-1"]
[WhiteElo "2265"]
[BlackElo "2538"]
[PlyCount "128"]
[EventDate "2025.05.22"]
[EventType "team-tourn"]
[EventRounds "7"]
[EventCountry "FRA"]
[SourceTitle "CB22_2025"]
[SourceDate "2025.05.28"]
[SourceVersion "1"]
[SourceVersionDate "2025.05.28"]
[SourceQuality "1"]
[WhiteTeam "Bois Colombes"]
[BlackTeam "Tremblay en France"]
[WhiteTeamCountry "FRA"]
[BlackTeamCountry "FRA"]

1. e4 c5 2. Nf3 e6 3. d4 cxd4 4. Nxd4 a6 5. Nc3 b5 6. Bd3 Qb6 7. Nb3 Qc7 8. 0-0 Bb7 9. a3 Nf6 10. Qe2 d6 11. Bd2 Nc6 12. f4 Be7 13. Kh1 h5 14. Rae1 h4 15. Kg1 h3 16. g3 Nd7 17. a4 b4 18. Nd5 exd5 19. exd5 Nce5 20. fxe5 Nxe5 21. Qe4 a5 22. Bb5+ Kf8 23. c3 bxc3 24. Bxc3 Bf6 25. Rc1 Qb6+ 26. Bd4 Qd8 27. Rf2 Kg8 28. Rcf1 Rh5 29. Be2 Rh6 30. Nd2 Qe7 31. Be3 Bg5 32. Nc4 Bxe3 33. Nxe3 Bc8 34. Bg4 Qd8 35. Bd1 Rb8 36. b3 Ba6 37. Nc4 Bxc4 38. bxc4 Rb4 39. Be2 Qd7 40. Bd3 Rxa4 41. Rb1 Qc7 42. Re2 Rh5 43. Bc2 f5 44. Qe3 Rxc4 45. Bd1 Rh6 46. Reb2 Re4 47. Qf2 Rf6 48. Rb8+ Kh7 49. Qf1 Qc5+ 50. Kh1 Ng4 51. Qxh3+ Rh6 52. Bxg4 Rxg4 53. Qg2 Rc4 54. R8b5 Rc1+ 55. Rxc1 Qxc1+ 56. Qg1 Qd2 57. h4 Rg6 58. Qg2 Qe1+ 59. Qg1 Qd2 60. Qf1 Rxg3 61. Qxf5+ Kh6 62. Qf1 Rg4 63. Rb3 Qxd5+ 64. Rf3 Rf4 0-1

[Event "Chess.com Classic Play In"]
[Site "Chess.com INT"]
[Date "2025.05.19"]
[Round "5"]
[White "Kobalia, Mihail"]
[Black "Hakobyan, Aram"]
[Result "0-1"]
[WhiteElo "2538"]
[BlackElo "2620"]
[PlyCount "112"]
[EventDate "2025.05.19"]
[EventType "swiss (blitz)"]
[EventRounds "9"]
[EventCountry "USA"]
[SourceTitle "CB21_2025"]
[SourceDate "2025.05.21"]
[SourceVersion "1"]
[SourceVersionDate "2025.05.21"]
[SourceQuality "1"]

1. e4 e6 2. d4 d5 3. Nd2 c5 4. Ngf3 cxd4 5. exd5 Qxd5 6. Bc4 Qd8 7. Nb3 Nc6 8. Nbxd4 Nxd4 9. Qxd4 Qxd4 10. Nxd4 a6 11. Be2 Bd7 12. Bf3 0-0-0 13. Be3 Bd6 14. 0-0-0 Ne7 15. Rd2 Bc7 16. Rhd1 e5 17. Ne2 Bc6 18. Bxc6 Nxc6 19. Rxd8+ Rxd8 20. Rxd8+ Bxd8 21. c4 f5 22. f3 Nb4 23. Bd2 Nc6 24. Kc2 Kd7 25. b4 Be7 26. c5 Ke6 27. Kd3 g5 28. Kc4 Bf6 29. a4 e4 30. f4 g4 31. b5 axb5+ 32. axb5 Ne7 33. Bc3 Bxc3 34. Nxc3 h5 35. g3 Kd7 36. Nd1 Ke6 37. Ne3 Kd7 38. Kc3 Ke6 39. Kd4 Nc8 40. Kc4 Ne7 41. Nc2 Kd7 42. Nd4 Kc7 43. Ne6+ Kd7 44. Ng7 b6 45. c6+ Kd6 46. Nxh5 Ke6 47. Ng7+ Kf7 48. Nxf5 Nxf5 49. c7 Nd6+ 50. Kd4 Nxb5+ 51. Kxe4 Nxc7 52. Kd4 Ke6 53. Kc4 Kd6 54. Kb4 Kc6 55. f5 Nd5+ 56. Kc4 Ne3+ 0-1

[Event "Chess.com Classic Play In"]
[Site "Chess.com INT"]
[Date "2025.05.19"]
[Round "8"]
[White "Kobalia, Mihail"]
[Black "Ponomariov, Ruslan"]
[Result "1/2-1/2"]
[WhiteElo "2538"]
[BlackElo "2622"]
[PlyCount "157"]
[EventDate "2025.05.19"]
[EventType "swiss (blitz)"]
[EventRounds "9"]
[EventCountry "USA"]
[SourceTitle "CB21_2025"]
[SourceDate "2025.05.21"]
[SourceVersion "1"]
[SourceVersionDate "2025.05.21"]
[SourceQuality "1"]

1. e4 e6 2. d4 d5 3. Nd2 a6 4. Ngf3 c5 5. exd5 exd5 6. Be2 Nc6 7. 0-0 Nf6 8. Re1 Be6 9. dxc5 Bxc5 10. Nb3 Bd6 11. Bg5 0-0 12. c3 h6 13. Bh4 Re8 14. Nfd4 Bd7 15. Bf3 Rxe1+ 16. Qxe1 Ne5 17. Qd1 g5 18. Bg3 Qc7 19. Nc1 Ne4 20. Nd3 Nc4 21. Qc2 g4 22. Bxe4 dxe4 23. Nb4 Bxg3 24. hxg3 Qe5 25. Re1 Re8 26. Qc1 e3 27. b3 exf2+ 28. Kxf2 Qf6+ 29. Kg1 Rxe1+ 30. Qxe1 Nb6 31. Qe4 Bc8 32. Nd3 Kf8 33. Ne5 h5 34. c4 Nd7 35. Nxd7+ Bxd7 36. Qd5 Ke7 37. b4 h4 38. gxh4 g3 39. Qe4+ Kf8 40. Nf3 Qb2 41. Qe1 Qxa2 42. Qxg3 Qb1+ 43. Qe1 Qc2 44. Ne5 Be6 45. c5 a5 46. c6 bxc6 47. bxa5 c5 48. a6 Qa2 49. Qe3 Qxa6 50. Qxc5+ Kg7 51. Qe3 f6 52. Nd3 Bf7 53. Qg3+ Kh7 54. Nf2 Qe6 55. Qf4 Kg7 56. Kh2 Bg6 57. Ng4 Bf5 58. Ne3 Bg6 59. g4 Bh7 60. h5 Be4 61. Kg3 Kh7 62. Kh4 Qe7 63. Nf5 Bxf5 64. Qxf5+ Kh8 65. h6 Qf7 66. Qe4 Qd7 67. Qg6 Qe7 68. Qf5 Qf7 69. Qe4 Qd7 70. Kh5 Qf7+ 71. Qg6 Qd5+ 72. Qf5 Qxf5+ 73. gxf5 Kh7 74. Kh4 Kxh6 75. Kg4 Kg7 76. Kf4 Kh6 77. Kg4 Kg7 78. Kf4 Kh6 79. Kg4 1/2-1/2

[Event "Chess.com Classic Play In"]
[Site "Chess.com INT"]
[Date "2025.05.19"]
[Round "1"]
[White "Kobalia, Mihail"]
[Black "Tang, Andrew"]
[Result "1-0"]
[WhiteElo "2538"]
[BlackElo "2529"]
[PlyCount "156"]
[EventDate "2025.05.19"]
[EventType "swiss (blitz)"]
[EventRounds "9"]
[EventCountry "USA"]
[SourceTitle "CB21_2025"]
[SourceDate "2025.05.21"]
[SourceVersion "1"]
[SourceVersionDate "2025.05.21"]
[SourceQuality "1"]

1. e4 e5 2. Nf3 Nc6 3. Bb5 g6 4. c3 a6 5. Bc4 f5 6. d3 Bg7 7. 0-0 f4 8. d4 d6 9. dxe5 dxe5 10. Bxg8 Qxd1 11. Rxd1 Rxg8 12. h3 h6 13. c4 Be6 14. b3 g5 15. Bb2 Bh8 16. Kf1 h5 17. Nc3 g4 18. hxg4 hxg4 19. Nh4 Rg5 20. Nd5 0-0-0 21. Nxf4 Bd7 22. Nd5 Rf8 23. g3 Rf7 24. Rd3 Nd4 25. Rad1 Bg7 26. Ne3 Bc6 27. Nd5 b5 28. Re3 bxc4 29. bxc4 Ba4 30. Rc1 a5 31. Ra3 Bc6 32. Rxa5 Nf3 33. Nf5 Bf8 34. Ba3 Bxa3 35. Rxa3 Bb7 36. Ke2 Rh5 37. Rd1 Rh2 38. Rb3 Nd4+ 39. Nxd4 exd4 40. Rf1 c6 41. Nf4 c5 42. Rb5 Bxe4 43. Rxc5+ Kd7 44. Rg5 Kd6 45. Rxg4 Ra7 46. Ra1 Ra3 47. Rh4 Bf3+ 48. Ke1 Rxh4 49. gxh4 Ke5 50. Nd5 d3 51. Kd2 Kd4 52. Nf4 Kxc4 53. h5 Kd4 54. h6 Be4 55. Ne6+ Ke5 56. Ng5 Bg6 57. h7 Ra8 58. Rh1 Bxh7 59. Rxh7 Rxa2+ 60. Ke3 Re2+ 61. Kf3 Re1 62. Re7+ Kf5 63. Rxe1 d2 64. Rd1 Kxg5 65. Rxd2 Kf5 66. Rd3 Ke6 67. Ke3 Ke5 68. f4+ Kf5 69. Kf3 Ke6 70. Rd4 Kf5 71. Ke3 Ke6 72. Ke4 Kf6 73. f5 Kf7 74. Ke5 Ke7 75. f6+ Kf7 76. Rd7+ Kg6 77. Ke6 Kh6 78. f7 Kg7 1-0

[Event "Chess.com Classic Play In"]
[Site "Chess.com INT"]
[Date "2025.05.19"]
[Round "9"]
[White "Kobalia, Mihail"]
[Black "Tari, Aryan"]
[Result "1/2-1/2"]
[WhiteElo "2538"]
[BlackElo "2636"]
[PlyCount "139"]
[EventDate "2025.05.19"]
[EventType "swiss (blitz)"]
[EventRounds "9"]
[EventCountry "USA"]
[SourceTitle "CB21_2025"]
[SourceDate "2025.05.21"]
[SourceVersion "1"]
[SourceVersionDate "2025.05.21"]
[SourceQuality "1"]

1. e4 e5 2. Nf3 Nc6 3. Bb5 Nge7 4. 0-0 Ng6 5. d4 exd4 6. Nxd4 Bc5 7. Nf5 0-0 8. Be3 Bxe3 9. Nxe3 Nce7 10. Nc3 c6 11. Bd3 d6 12. Qd2 Nf4 13. Bc4 Neg6 14. f3 b5 15. Bb3 a5 16. a3 Kh8 17. g3 Ne6 18. Nf5 Nc5 19. Nxd6 Qb6 20. Kg2 Nxb3 21. cxb3 Be6 22. f4 Bxb3 23. f5 Ne5 24. f6 gxf6 25. Rxf6 Rad8 26. Qg5 Qd4 27. Nb7 Qd2+ 28. Qxd2 Rxd2+ 29. Rf2 Rxf2+ 30. Kxf2 a4 31. Nc5 Rd8 32. Nxb3 axb3 33. Ke2 Nc4 34. Rd1 Ra8 35. Rf1 Kg7 36. Nd1 Rd8 37. Rf3 Rd2+ 38. Ke1 Rxh2 39. Rxb3 Kf6 40. Nf2 Ke6 41. Rc3 Kd6 42. a4 Kc5 43. a5 Kd6 44. b4 Rh6 45. Rf3 f6 46. Ng4 Rh1+ 47. Ke2 Rb1 48. Rxf6+ Kc7 49. Rf7+ Kb8 50. e5 Rxb4 51. a6 Nxe5 52. Nxe5 Re4+ 53. Kf3 Rxe5 54. Rxh7 Ka8 55. Rc7 b4 56. Rxc6 Rb5 57. Rc2 Ka7 58. Ra2 b3 59. Rb2 Kxa6 60. Kf4 Ka5 61. g4 Kb4 62. g5 Kc3 63. Rb1 Kc2 64. Rg1 b2 65. g6 Rb7 66. Kf5 b1Q 67. Rxb1 Kxb1 68. Kf6 Ka1 69. g7 Rxg7 70. Kxg7 1/2-1/2

[Event "Titled Tuesday intern op 25th Mar Early"]
[Site "Chess.com INT"]
[Date "2025.03.25"]
[Round "5"]
[White "Anakok, Deniz"]
[Black "Kobalia, Mihail"]
[Result "0-1"]
[WhiteElo "2018"]
[BlackElo "2538"]
[PlyCount "84"]
[EventDate "2025.03.25"]
[EventType "swiss (blitz)"]
[EventRounds "11"]
[EventCountry "USA"]
[SourceTitle "CB14_2025"]
[SourceDate "2024.11.01"]
[SourceVersion "1"]
[SourceVersionDate "2024.11.01"]
[SourceQuality "1"]

1. e4 c5 2. Nf3 e6 3. d4 cxd4 4. Nxd4 a6 5. c4 Qc7 6. Nc3 Nf6 7. Be2 b6 8. Be3 Bb7 9. f3 d6 10. 0-0 Nbd7 11. Rc1 h5 12. Qd2 h4 13. Rfd1 Be7 14. b4 Rc8 15. Kh1 Qb8 16. Na4 Ba8 17. b5 a5 18. Nc3 h3 19. g3 Ne5 20. Na4 Qb7 21. Nc6 Nxc6 22. bxc6 Qxc6 23. Nxb6 Nxe4 24. Qd4 Nf6 25. Nxc8 Qxc8 26. Kg1 e5 27. Qd2 Qf5 28. Qxa5 0-0 29. Rf1 Ng4 30. Bb6 Bg5 31. Qc3 Nf6 32. Be3 Rc8 33. Bxg5 Qxg5 34. Rfd1 d5 35. Qd2 Qg6 36. cxd5 Rd8 37. d6 Ne4 38. Qe3 Nxg3 39. hxg3 Qxg3+ 40. Kf1 h2 41. Qf2 h1Q+ 42. Qg1 Qhxg1# 0-1

[Event "Titled Tuesday intern op 25th Mar Early"]
[Site "Chess.com INT"]
[Date "2025.03.25"]
[Round "6"]
[White "Kobalia, Mihail"]
[Black "Brown, Akeem"]
[Result "1-0"]
[WhiteElo "2538"]
[BlackElo "2036"]
[PlyCount "47"]
[EventDate "2025.03.25"]
[EventType "swiss (blitz)"]
[EventRounds "11"]
[EventCountry "USA"]
[SourceTitle "CB14_2025"]
[SourceDate "2024.11.01"]
[SourceVersion "1"]
[SourceVersionDate "2024.11.01"]
[SourceQuality "1"]

1. c4 e5 2. g3 Nc6 3. Bg2 g6 4. Nc3 Bg7 5. e3 f5 6. Nge2 Nf6 7. d3 0-0 8. 0-0 d6 9. Rb1 Be6 10. b4 Rb8 11. b5 Ne7 12. a4 d5 13. Ba3 e4 14. Nf4 Bf7 15. Bxe7 Qxe7 16. Ncxd5 Nxd5 17. cxd5 g5 18. Ne6 Bxe6 19. dxe6 Qxe6 20. dxe4 fxe4 21. Qc2 Rf7 22. Bxe4 h5 23. Rbd1 Rd7 24. Bf5 1-0

[Event "Titled Tuesday intern op 04th Mar Early"]
[Site "Chess.com INT"]
[Date "2025.03.04"]
[Round "3"]
[White "Ashraf, Artin"]
[Black "Kobalia, Mihail"]
[Result "1-0"]
[WhiteElo "2407"]
[BlackElo "2538"]
[PlyCount "113"]
[EventDate "2025.03.04"]
[EventType "swiss (blitz)"]
[EventRounds "11"]
[EventCountry "USA"]
[SourceTitle "CB11_2025"]
[SourceDate "2025.03.12"]
[SourceVersion "1"]
[SourceVersionDate "2025.03.12"]
[SourceQuality "1"]

1. e4 c5 2. Nc3 e6 3. g3 Nc6 4. Bg2 g6 5. d3 Bg7 6. f4 d6 7. Nf3 Nge7 8. 0-0 0-0 9. Kh1 Rb8 10. Be3 b5 11. Qd2 b4 12. Nd1 a5 13. Rc1 Qb6 14. Bg1 d5 15. e5 d4 16. Nf2 Ba6 17. b3 Nd5 18. Ne4 Nc3 19. Nf6+ Bxf6 20. exf6 Qd8 21. Ne5 Na7 22. f5 Qxf6 23. Nd7 Qd8 24. fxe6 f5 25. Nxf8 Qxf8 26. g4 Qf6 27. gxf5 gxf5 28. Rce1 Re8 29. Qf4 Rxe6 30. Rxe6 Qxe6 31. Qxf5 Qxf5 32. Rxf5 a4 33. Rxc5 a3 34. Bxd4 Nab5 35. Rg5+ Kf7 36. Bxc3 Nxc3 37. Ra5 Bc8 38. Ra7+ Kf6 39. Rc7 Be6 40. Rc6 Ke7 41. d4 Nxa2 42. d5 Bd7 43. Ra6 Nc3 44. d6+ Kf6 45. Bc6 Bxc6+ 46. Rxc6 a2 47. Ra6 Ke6 48. Kg2 Kd7 49. Kf3 h5 50. Ke3 h4 51. Kd2 Ne4+ 52. Kc1 Nxd6 53. Rxa2 Nf5 54. Ra4 Ke6 55. Rxb4 h3 56. Rf4 Ke5 57. Rf3 1-0

[Event "Titled Tuesday intern op 04th Mar Early"]
[Site "Chess.com INT"]
[Date "2025.03.04"]
[Round "1"]
[White "Essing, Arnold"]
[Black "Kobalia, Mihail"]
[Result "0-1"]
[WhiteElo "2211"]
[BlackElo "2538"]
[PlyCount "114"]
[EventDate "2025.03.04"]
[EventType "swiss (blitz)"]
[EventRounds "11"]
[EventCountry "USA"]
[SourceTitle "CB11_2025"]
[SourceDate "2025.03.12"]
[SourceVersion "1"]
[SourceVersionDate "2025.03.12"]
[SourceQuality "1"]

1. d4 g6 2. Nf3 Bg7 3. c4 f5 4. Nc3 Nf6 5. g3 0-0 6. Bg2 d6 7. 0-0 Nc6 8. d5 Ne5 9. Qb3 Nfd7 10. Nxe5 Bxe5 11. f4 Bg7 12. e4 Nc5 13. Qc2 fxe4 14. Be3 b6 15. Bxc5 bxc5 16. Bxe4 Bh3 17. Rfe1 Qd7 18. Bg2 Bf5 19. Qe2 Rae8 20. Qd2 Kh8 21. Rad1 g5 22. fxg5 Bd4+ 23. Kh1 Bg4 24. Ne2 Rf2 25. Qd3 Bf5 26. Qa3 Be5 27. Nf4 Bxf4 28. gxf4 Rxf4 29. Qe3 Rxc4 30. Rd2 a5 31. Rf2 Bg6 32. Ref1 Rb4 33. Bh3 Qd8 34. Qc3+ Rd4 35. Be6 Qb8 36. Qb3 Qxb3 37. Rf8+ Kg7 38. R1f7+ Bxf7 39. Rxf7+ Kg6 40. axb3 Rd2 41. h4 Rb8 42. Rf3 Rb4 43. Bf7+ Kg7 44. h5 Rh4+ 45. Kg1 Rg4+ 46. Kf1 Rxg5 47. Be8 Rxb2 48. Rf7+ Kh6 49. Rxe7 Re5 50. Rxc7 Rxe8 51. Rd7 Rf8+ 52. Ke1 Rg8 53. Rxd6+ Kxh5 54. Kf1 Rgg2 55. Rc6 Rh2 56. Kg1 Rhc2 57. Rxc5 Rxc5 0-1

[Event "Titled Tuesday intern op 04th Mar Early"]
[Site "Chess.com INT"]
[Date "2025.03.04"]
[Round "10"]
[White "Kobalia, Mihail"]
[Black "Damjanovic, Vuk"]
[Result "1-0"]
[WhiteElo "2538"]
[BlackElo "2368"]
[PlyCount "119"]
[EventDate "2025.03.04"]
[EventType "swiss (blitz)"]
[EventRounds "11"]
[EventCountry "USA"]
[SourceTitle "CB11_2025"]
[SourceDate "2025.03.12"]
[SourceVersion "1"]
[SourceVersionDate "2025.03.12"]
[SourceQuality "1"]

1. e4 d6 2. d4 Nf6 3. Nc3 e5 4. Nf3 Nbd7 5. Bc4 Be7 6. 0-0 0-0 7. a4 c6 8. Ba2 h6 9. Re1 Re8 10. h3 exd4 11. Nxd4 Bf8 12. Bf4 Nc5 13. Qf3 Ne6 14. Nxe6 Bxe6 15. Bxe6 Rxe6 16. Rad1 Qe7 17. Qd3 d5 18. f3 Re8 19. Bg3 dxe4 20. Nxe4 Nxe4 21. Rxe4 Rxe4 22. fxe4 Qb4 23. e5 Qxa4 24. b3 Qb4 25. Qd7 Qe7 26. Qxe7 Bxe7 27. Rd7 b5 28. Bf2 a5 29. Ra7 Bb4 30. Rc7 Re6 31. Bd4 a4 32. c3 Be7 33. bxa4 bxa4 34. Ra7 a3 35. Kf2 Kh7 36. Kf3 Kg6 37. g4 c5 38. Be3 c4 39. Bd4 h5 40. Ke4 hxg4 41. hxg4 Bg5 42. Kd5 Be7 43. Kxc4 Bf8 44. Kd5 Re8 45. c4 Rd8+ 46. Ke4 Rc8 47. Kd3 Bb4 48. Ra4 Rb8 49. c5 Kg5 50. Kc4 Be1 51. Rxa3 Kxg4 52. c6 Rc8 53. Kd5 Rd8+ 54. Kc5 Bb4+ 55. Kxb4 Rxd4+ 56. Kc5 Rd8 57. c7 Rc8 58. Kd6 Kf5 59. Rf3+ Ke4 60. Rxf7 1-0

[Event "Titled Tuesday intern op 04th Mar Early"]
[Site "Chess.com INT"]
[Date "2025.03.04"]
[Round "8"]
[White "Kobalia, Mihail"]
[Black "Vakhlamov, Igor L"]
[Result "1-0"]
[WhiteElo "2538"]
[BlackElo "2413"]
[PlyCount "139"]
[EventDate "2025.03.04"]
[EventType "swiss (blitz)"]
[EventRounds "11"]
[EventCountry "USA"]
[SourceTitle "CB11_2025"]
[SourceDate "2025.03.12"]
[SourceVersion "1"]
[SourceVersionDate "2025.03.12"]
[SourceQuality "1"]

1. e4 c5 2. Nf3 Nc6 3. Bb5 Nf6 4. d3 Qa5+ 5. Nc3 Nd4 6. Bc4 b5 7. Bb3 Nxb3 8. cxb3 b4 9. Ne2 d6 10. 0-0 e5 11. Nd2 Be7 12. Nc4 Qc7 13. f4 exf4 14. Bxf4 Ng4 15. Ng3 0-0 16. Qe2 Ne5 17. Bxe5 dxe5 18. Nf5 g6 19. Nh6+ Kg7 20. Ng4 f6 21. h3 Be6 22. Qe3 Qd7 23. Qe2 Rad8 24. Rad1 Kh8 25. Rf2 Qd4 26. Kh1 Qd7 27. Nge3 Rf7 28. Rf3 Rdf8 29. Rdf1 Bd8 30. R3f2 Bc7 31. Ng4 Qe7 32. Nce3 Kg7 33. Qd2 h5 34. Nh6 Bd6 35. Nxf7 Rxf7 36. Rf3 a5 37. Qf2 Bc7 38. Qg3 Kh7 39. Qh4 Bd8 40. Rc1 Kg7 41. Qf2 Bb6 42. Nc4 Bd8 43. a3 Bc7 44. axb4 axb4 45. Ra1 Bd8 46. Ra6 Bc8 47. Rc6 Bb7 48. Rxc5 Qd7 49. Qe3 Kh7 50. Kh2 Kg7 51. Qf2 Kh7 52. Nxe5 Qd6 53. Kh1 Rf8 54. Nc4 Qa6 55. Qf1 Rf7 56. Re5 Kg7 57. Re8 Bc7 58. Qf2 Qe6 59. Rxe6 Bb6 60. Rexf6 Bxf2 61. Rxf7+ Kh6 62. Rxf2 Bxe4 63. dxe4 Kg5 64. e5 Kh4 65. e6 g5 66. e7 g4 67. e8Q Kg3 68. Qe3+ Kh4 69. g3+ Kxh3 70. Rh2# 1-0